Statistics for Persona 5 Confidants

Click here to take the quiz!

General Stats

  • This quiz has been taken 472 times
  • The average score is 18 of 21

Answer Stats

HintAnswer% Correct
VI. LoversAnn Takamaki
99%
VII. ChariotRyuji Sakamoto
98%
IX. HermitFutaba Sakura
97%
III. EmpressHaru Okumura
97%
0. FoolIgor
97%
II. PriestessMakoto Niijima
97%
I. MagicianMorgana
97%
IV. EmperorYusuke Kitagawa
95%
VIII. JusticeGoro Akechi
94%
V. HierophantSojiro Sakura
94%
XX. JudgementSae Niijima
90%
XIII. DeathTae Takemi
87%
XVIII. MoonYuuki Mishima
86%
XVII. StarHifumi Togo
83%
XV. DevilIchiko Ohya
81%
XIV. TemperanceSadayo Kawakami
81%
XI. StrengthCaroline & Justine
80%
XII. Hanged ManMunehisa Iwai
79%
X. FortuneChihaya Mifune
73%
XIX. SunToranosuke Yoshida
63%
XVI. TowerShinya Oda
62%

Score Distribution

Percentile by Number Answered

Percent of People with Each Score

Your Score History

You have not taken this quiz